000 005600000a22001810004500
003 MACL
005 20160318153946.0
008 160318b xxu||||| |||| 00| 0 eng d
040 _aMACL
_cMACL
041 _aHindi
082 _a954
100 _aगुरूदत्‍त वैध
_947247
245 _aइतिहास में भारतीय परमपराऍ
260 _bभारतीय साहित्‍य सदन
_c1970
_aनई दिल्‍ली
350 _a12
650 _aHistory
_947248
942 _cHIN
_k954
_2ddc
999 _c27053
_d27053